Holiday Quiz

Random Holiday or Christmas Quiz

Breaking Holiday News! Quiz Stats

 Plays Quiz Updated Dec 19, 2014

Also try: How to Be a Grinch
Challenge
Share
Tweet
Embed
Score 0/20 Timer 04:00
11 Plays Today
% Correct
Frosty the Snowman
94.8%
We Three Kings of Orient Are
89.4%
I Saw Mommy Kissing Santa Claus
88.1%
Santa Claus is Comin' To Town
87.6%
Grandma Got Run Over By a Reindeer
87.4%
The Twelve Days of Christmas
84.7%
The Little Drummer Boy
82.5%
Away in a Manger
81.2%
Silver and Gold
78.9%
My Two Front Teeth
77.4%
% Correct
The Boar's Head Carol
77.4%
Let it Snow! Let it Snow! Let it Snow!
75.2%
Up On the Housetop
74.9%
You're a Mean One Mr. Grinch
74%
Hark! the Herald Angels Sing
73.1%
Nuttin' for Christmas
72.9%
Rudolph the Red Nosed Reindeer
67.3%
White Christmas
64.1%
Winter Wonderland
60.6%
The Christmas Song
48.9%

You're not logged in!

Compare scores with friends on all Sporcle quizzes.
OR
Log In

You Might Also Like...

Show Comments

Extras

Top Quizzes Today


Score Distribution

Your Account Isn't Verified!

In order to create a playlist on Sporcle, you need to verify the email address you used during registration. Go to your Sporcle Settings to finish the process.

Report this User

Report this user for behavior that violates our Community Guidelines.

Details: